TOP 20 Países Más Pequeños del Mundo - Estadísticas

Estadísticas generales
  • Esta prueba ha sido intentada 64 veces
  • La puntuación promedio es 14 de 20
Estadísticas de respuestas
Pos. País % Correcto
Ciudad del Vaticano
100%
Mónaco
88%
Liechtenstein
87%
17º Andorra
85%
San Marino
85%
Nauru
77%
12º San Vicente y las Granadinas
77%
San Cristóbal y Nieves
75%
Tuvalu
75%
14º Antigua y Barbuda
71%
11º Granada
71%
18º Santa Lucía
69%
13º Barbados
63%
Islas Marshall
62%
10º Malta
60%
15º Seychelles
60%
20º Tonga
60%
16º Palaos
56%
19º Micronesia
54%
Maldivas
44%
No se encontraron pruebas coincidentes
Distribución de puntuación
Porcentaje de gente con cada puntuación
Porcentaje por número respondido
Historial de tus puntuaciones
No has intentado esta prueba.